| 000 | 00890nam a2200289Ia 4500 | ||
|---|---|---|---|
| 008 | 160319s9999 xx 000 0 und d | ||
| 245 | _aRomeo and Juliet / | ||
| 245 | _cParamount Pictures presents a Bhe Film ; The Franco Zeffirelli Production. | ||
| 260 | _aCalifornia : | ||
| 260 | _bParamount Pictures, | ||
| 260 | _c1968 | ||
| 300 | _a2 videodiscs : | ||
| 300 | _bbsound, color ; | ||
| 300 | _c4 3/4 in. | ||
| 650 | _aEnglish drama -- Early modern and Elizabethan, 1500-1600. | ||
| 650 | _aEnglish drama (Tragedy). | ||
| 650 | _aLove stories. | ||
| 650 | _aVendetta -- Italy -- Verona -- | ||
| 650 | _aYouth -- Italy -- Verona -- | ||
| 650 | _xDrama. | ||
| 650 | _xDrama. | ||
| 650 | _xFeature films. | ||
| 650 | _xTragedies. | ||
| 700 | _aMagnaVision., Corporate. | ||
| 700 | _aParamount Pictures., Corporate. | ||
| 700 | _aZeffirelli, Franco.. Author. | ||
| 999 |
_c292449 _d292449 |
||